Regresion Graphics : Ideas for Studying Regressions through Graphics /

Furkejuvvon:
Bibliográfalaš dieđut
Váldodahkki: Cook, R. Dennis (autor)
Materiálatiipa: Girji
Giella:eaŋgalasgiella
Almmustuhtton: Nueva York, EUA : Wiley, 1998, c1998
Ráidu:(Wiley Series in Probability and Statistics. Applied Probability and Statistics Section)
Fáttát:
Fáddágilkorat: Lasit fáddágilkoriid
Eai fáddágilkorat, Lasit vuosttaš fáddágilkora!

MARC

LEADER 00000nam^a2200000^a^4500
001 000136149
005 20250521000000.0
009 20260310095308.394
020 |a 0-471-19365-8 
037 |a Acervo ITESO - Biblioteca 
041 |a ING 
082 |a 519. 536  |b COO 
100 |a Cook, R. Dennis  |e (autor) 
245 1 0 |a Regresion Graphics :  |b Ideas for Studying Regressions through Graphics /  |c R.D. Cook. 
264 4 |a Nueva York, EUA :  |b Wiley,  |c 1998, c1998 
300 |a XVIII, 349 p. 
336 |a texto  |b txt  |2 rdacontenido 
337 |a sin mediación  |b n  |2 rdamedio 
338 |a volumen  |b nc  |2 rdasoporte 
440 1 |a (Wiley Series in Probability and Statistics.  |p Applied Probability and Statistics Section) 
649 |a XX 
650 |a Análisis de Regresión 
650 |a Métodos Gráficos 
650 |a Análisis Estadístico 
650 |a Probabilidad 
650 |a Estadística 
650 |a Matemáticas 
910 |a Fondo General 
920 |a Impresos - Libros 
930 |a Colección General 
905 |a 101 
901 |a 0500064987  |b IT1  |c ACC  |u 20250521 
902 |a https://opac.biblio.iteso.mx/vufind/Record/000136149